Baby Names: 'V' Girl Names by Decade Quiz Stats

 Plays Quiz Updated Dec 18, 2018

Challenge
Share
Tweet
Embed
Score 0/64 Timer 08:00
2 Plays Today
Decade Name % Correct
1880sVictoria
86.8%
1940sVictoria
86.8%
1950sVictoria
86.8%
1960sVictoria
86.8%
1970sVictoria
86.8%
1980sVictoria
86.8%
1990sVictoria
86.8%
2000sVictoria
86.8%
1970sVeronica
75.4%
1980sVeronica
75.4%
1990sVeronica
75.4%
2000sVeronica
75.4%
1940sValerie
73.3%
1950sValerie
73.3%
1960sValerie
73.3%
1970sValerie
73.3%
1980sValerie
73.3%
1990sValerie
73.3%
2000sValerie
73.3%
1890sViolet
68.6%
1900sViolet
68.6%
1910sViolet
68.6%
1920sViolet
68.6%
1970sVanessa
63.5%
1980sVanessa
63.5%
1990sVanessa
63.5%
2000sVanessa
63.5%
1910sVivian
63.1%
1920sVivian
63.1%
1930sVivian
63.1%
1940sVivian
63.1%
1940sVicki
56.2%
Decade Name % Correct
1950sVicki
56.2%
1960sVicki
56.2%
1880sVera
55.7%
1890sVera
55.7%
1900sVera
55.7%
1910sVera
55.7%
1920sVera
55.7%
1930sVera
55.7%
1880sViola
52.2%
1890sViola
52.2%
1900sViola
52.2%
1910sViola
52.2%
1920sViola
52.2%
1930sViola
52.2%
1900sVelma
48.4%
1930sVelma
48.4%
1880sVirginia
45.3%
1890sVirginia
45.3%
1900sVirginia
45.3%
1910sVirginia
45.3%
1920sVirginia
45.3%
1960sVirginia
45.3%
1970sVirginia
45.3%
1980sVirginia
45.3%
1930sVirginia
45.3%
1940sVirginia
45.3%
1950sVirginia
45.3%
1950sVickie
36%
1960sVickie
36%
2000sValeria
29.7%
1880sVerna
24.6%
1890sVerna
24.6%

You're not logged in!

Compare scores with friends on all Sporcle quizzes.
OR
Log In

You Might Also Like...

Show Comments

Extras

Top Quizzes Today


Score Distribution

Your Account Isn't Verified!

In order to create a playlist on Sporcle, you need to verify the email address you used during registration. Go to your Sporcle Settings to finish the process.

Report this User

Report this user for behavior that violates our Community Guidelines.

Details: